000 00786cab a2200253 4500
001 ABS54657
008 090401t1996 xxu||||| |||| 00| 0 eng d
035 _a(Sirsi) u11562
041 _aeng
100 _aBell, S.
245 _aCDM
260 _c1996
350 _a0
490 _aRIBA Journal
_v103(3) March 1996, 59-60(2)
520 _aExamines the responsibility of designers in ensuring that working drawings and specifications comply with CDM requirements.
650 _aCONSTRUCTION (DESIGN AND MANAGEMENT) REGULATIONS 1994
650 _aCONSTRUCTION (DESIGN AND MANAGEMENT) REGULATIONS 1994
650 _aDESIGN
650 _aSPECIFICATIONS
650 _aWORKING DRAWINGS
690 _aBUILT ENVIRONMENT-CONSTRUCTION DESIGN
942 _n0
948 _c04/03/1997
999 _c7372
_d7372